[Event "Roquebrune rapid"]
[Site "Roquebrune"]
[Date "1992.??.??"]
[Round "7"]
[White "Seirawan, Yasser"]
[Black "Polgar, Judit"]
[Result "1/2-1/2"]
[WhiteElo "2600"]
[BlackElo "2550"]
[Annotator "Stohl,I"]
[PlyCount "136"]
[EventDate "1992.02.??"]
[EventType "tourn (rapid)"]
[EventRounds "22"]
[EventCountry "FRA"]
[EventCategory "15"]
[Source "ChessBase"]
[SourceDate "1992.06.01"]

1. d4 Nf6 2. c4 c5 3. d5 b5 4. cxb5 a6 5. bxa6 g6 6. Nc3 Bxa6 7. e4 Bxf1 8.
Kxf1 d6 9. g3 Bg7 10. Kg2 O-O 11. Nf3 Nbd7 12. h3 Qa5 (12... Ra6 13. Re1 Qa8
14. Bf4 (14. Rb1 $14 {/\b3,a3}) 14... Nb6 15. Qc2 Na4 16. Nxa4 Rxa4 17. a3 Rb8
18. Rad1 Nd7 {N} (18... Qa6 19. e5 Ne8 20. Bg5 Kf8 21. Re4 Rxe4 22. Qxe4 f6 $1
23. exf6 Nxf6 $146 {Gurevich,M-Manor,I,Haifa ETC 1989-TD 89_12}) 19. e5 Ra6 20.
Qe2 Nf8 21. Bg5 Ra7 22. Bc1 Qb7 $132 {Poper,E-Manor,I,Tel-Aviv ASA 1991}) 13.
Re1 Rfb8 14. Re2 Ne8 15. Rc2 Nc7 (15... Nb6 16. Qe2 Qb4 (16... Na4 $5 $132) 17.
Bf4 Nc7 18. Rd1 Nc4 19. e5 Rd8 20. a3 $1 Qb3 21. Ne4 Nxe5 22. Nxe5 dxe5 23.
Bxe5 $1 Bxe5 24. Nxc5 $16 {Gurevich,M-Gurevich,D,Luzern tt 1989-CBM 16}) 16.
Bg5 $5 (16. Bd2 Qa6 $146 {Dzandzghava,L-Hess,M,Baden Baden op 1991}) 16... Kf8
(16... Rxb2 $2 17. Rxb2 Bxc3 18. Bd2 $16) 17. Rac1 Nb5 (17... Nb6 $142 $5 $13 {
/\Na4,Nc4}) 18. Nxb5 Qxb5 19. b3 $14 Ra3 20. Re2 {/\Rcc2,Bc1} Rba8 21. Rcc2
R3a7 (21... h6 $5 22. Bf4 Kg8 $14) 22. Qd2 {/\Bh6} Bh8 23. Bh6+ Kg8 24. Bf4 {
/\e5->[+]} Qb8 25. g4 Rb7 26. Qe3 (26. Bg3 Rb4 27. Qe1 Qb7 $132) 26... Rb4 (
26... Nb6 $2 27. Rxc5 $18) 27. e5 Nb6 28. Qd2 $1 (28. Rcd2 $6 Qb7 29. exd6 Nxd5
30. Rxd5 Qxd5 31. dxe7 Re8 $17) (28. Red2 $5 Qb7 29. exd6 Nxd5 30. Rxd5 Qxd5
31. dxe7 $14) 28... Qb7 $8 {><d5} (28... dxe5 29. Bxe5 Bxe5 30. Rxe5 $16) 29.
exd6 Nxd5 (29... exd6 30. Bxd6 Nxd5 31. Rxc5 $18) 30. Bg3 exd6 31. Bxd6 Rd8 32.
Bg3 $8 Nf4+ 33. Bxf4 Rxd2 34. Re8+ $1 Kg7 35. Bxd2 $36 {ץh8} Re4 $8 36. Rxe4
Qxe4 37. Rxc5 h6 38. a4 Kh7 39. b4 Bf6 40. a5 g5 {/\h5<=>} (40... Be7 41. Re5
Qb7 42. a6 $16) 41. Rf5 (41. b5 h5 42. Kg3 $5 $16) 41... Kg7 42. b5 h5 43. Kg3
Be7 44. Bxg5 hxg4 45. hxg4 Bxg5 (45... Bd6+ 46. Bf4 $16) 46. Rxg5+ Kf8 47. Rf5
{/\Rf7} Qc4 48. a6 Qc7+ 49. Ne5 Kg8 50. Kg2 Qc2 51. Nc6 (51. Nxf7 $5 Qe4+ 52.
Kg3 $16) 51... Qe4+ 52. Kg3 Qd3+ 53. f3 Qd6+ 54. Kg2 Qd2+ 55. Kh3 Qh6+ 56. Kg3
Qd6+ 57. Rf4 Qc5 58. a7 Qg1+ 59. Kh4 Qf2+ 60. Kg5 Qc5+ 61. Rf5 Qe3+ 62. f4 $18
Qa3 63. Rd5 $2 (63. b6 $18 {/\Ra5,b7}) 63... Kg7 64. Rd8 $6 $138 Qc5+ $10 65.
f5 (65. Kh4 Qf2+ $10) 65... Qe3+ 66. Kh4 Qf2+ 67. Kh3 Qf3+ 68. Kh4 Qf2+ {
[Stohl]} 1/2-1/2

[Event "Roquebrune rapid"]
[Site "Roquebrune"]
[Date "1992.??.??"]
[Round "18"]
[White "Polgar, Judit"]
[Black "Seirawan, Yasser"]
[Result "1-0"]
[WhiteElo "2550"]
[BlackElo "2600"]
[Annotator "Knaak,R"]
[PlyCount "149"]
[EventDate "1992.02.??"]
[EventType "tourn (rapid)"]
[EventRounds "22"]
[EventCountry "FRA"]
[EventCategory "15"]
[Source "ChessBase"]
[SourceDate "1992.06.01"]

1. e4 e6 2. d4 d5 3. Nc3 Nf6 4. Bg5 Be7 5. e5 Nfd7 6. Bxe7 Qxe7 7. f4 a6 8. Nf3
c5 9. Qd2 Nc6 10. O-O-O b5 11. dxc5 Nxc5 12. Bd3 b4 13. Ne2 O-O (13... a5 14.
f5 $6 Nxd3+ 15. Qxd3 Ba6 16. Qe3 Bxe2 17. Qxe2 O-O $15 {Chandler-Seirawan/
Reykjavik/1991/i52/281}) 14. Qe3 Nxd3+ 15. cxd3 $1 $14 (15. Qxd3 a5 (15... h6)
16. Ng5 f5 17. exf6 gxf6 18. Nf3 Ba6 19. Qe3 Bxe2 20. Qxe2 Qd6 $13) 15... a5
16. Kb1 Ba6 17. Rc1 Rfc8 18. Rhd1 Qa7 19. Qxa7 Nxa7 20. Nfd4 Kf8 21. g4 Ke7 22.
f5 Rxc1+ 23. Kxc1 Rc8+ 24. Kd2 Nc6 25. Nxc6+ Rxc6 26. Nd4 Rc8 27. g5 $1 exf5 (
27... g6 28. fxe6 fxe6 29. Rf1 $16) 28. Nxf5+ Ke6 29. Nxg7+ Kxe5 30. Rf1 $16
Rc6 (30... Rc7 31. Rf5+ Kd4 32. Rf4+ Ke5 33. Rh4 {/\ d4!}) 31. Rxf7 Bc8 32.
Re7+ Kf4 33. Ne8 Bf5 34. h4 Kg4 35. Re5 Bg6 36. Nf6+ Kxh4 37. Rxd5 a4 38. Nd7
b3 39. axb3 axb3 40. Nc5 Bf7 41. Re5 Kg4 42. d4 Rg6 43. Ne4 Kf4 44. Nf2 Rc6 45.
Nd3+ Kg4 46. Nc5 Bg6 47. Kc3 Bf5 48. Kxb3 Kxg5 49. Kc4 Kf4 50. Re1 h5 51. d5
Rb6 52. Ne6+ Kg3 53. b4 h4 54. Kc5 Rb8 55. Rg1+ Kf2 56. Rg5 Be4 57. Rh5 Bxd5
58. Rxd5 h3 59. Rd2+ Kg3 60. Ng5 h2 61. Ne4+ Kf3 62. Rxh2 Kxe4 63. b5 Rc8+ 64.
Kd6 Rb8 65. Kc6 Rc8+ 66. Kb7 Rc1 67. Rd2 Ke5 68. b6 Ke6 69. Kb8 Ke7 70. b7 Rc4
71. Ka7 Ra4+ 72. Kb6 Rb4+ 73. Kc6 Rc4+ 74. Kb5 Rc1 75. Rb2 1-0

[Event "Aruba"]
[Site "Aruba"]
[Date "1992.??.??"]
[Round "6"]
[White "Granda Zuniga, Julio E"]
[Black "Polgar, Judit"]
[Result "0-1"]
[WhiteElo "2615"]
[BlackElo "2550"]
[Annotator "Anand,V"]
[PlyCount "56"]
[EventDate "1992.03.??"]
[EventType "tourn"]
[EventRounds "9"]
[EventCountry "NAU"]
[EventCategory "11"]
[Source "ChessBase"]
[SourceDate "1992.10.01"]

1. d4 Nf6 2. Nf3 g6 3. c4 Bg7 4. Nc3 O-O 5. e4 d6 6. Be2 e5 7. O-O Nc6 8. Be3
Ng4 9. Bg5 f6 10. Bc1 f5 11. dxe5 (11. Bg5 Bf6 12. Bxf6 Nxf6 13. exf5 $1 (13.
dxe5 dxe5 14. Qxd8 Rxd8 15. Nd5 Nxe4 {Portisch,L-Kasparov,G/Linares/1990/})
13... Bxf5 14. d5 $14) 11... Ngxe5 12. exf5 Bxf5 13. Be3 (13. Nd5 Nxf3+ 14.
Bxf3 Nd4) 13... Qf6 14. Rc1 (14. Nd5 Nxf3+ 15. Bxf3 Qf7 $1 (15... Qxb2 16. Nxc7
Rac8 17. Nb5 $13) 16. Qd2 Ne5 17. Be2 c6 $15) 14... Rae8 15. b3 h6 16. Qd2 (16.
Nb5 $1 Re7 17. Nfd4 $132) 16... g5 17. Nd4 Nxd4 18. Bxd4 g4 19. Kh1 Qg6 20. Rg1
Qh5 21. Nd5 (21. Rce1 c5 $6 22. Be3) 21... Be4 22. Nxc7 Nf3 $1 23. gxf3 $2 (23.
Bxf3 $1 Rxf3 (23... gxf3 24. g4 $1 $16) 24. Rc3 (24. Nxe8 Rh3 25. Qf4 g3 26.
Qxg3 Rxg3 27. Bxg7 Qxe8 28. fxg3 Kxg7 $17) (24. Bxg7 Rh3 25. Qxd6 g3 26. Qxg3
Rxg3 27. Nxe8 Qxe8 28. fxg3 Kxg7 $15) 24... Rh3 25. Rxh3 gxh3) 23... Rxf3 24.
Rg2 Qh3 $1 (24... Rh3 25. f3 $1) 25. Rcg1 (25. Nxe8 Rxf2 $19) (25. Bf1 $145 $1
{! Polgar,J} Rd3 26. Qxd3 Bxd3 (26... Bxg2+ 27. Kg1) 27. Bxd3 Qxd3 28. Nxe8
Bxd4 $13) 25... Re5 $3 26. Bxf3 (26. Nd5 Rh5 27. Bxg7 Qxh2+ 28. Rxh2 Rxh2+ 29.
Kxh2 Rh3#) (26. Bxe5 $145 $1 {! = Polgar,J} Bxe5 27. Rxg4+ Kf7 28. Rg7+ Kf8 (
28... Bxg7 29. Rxg7+ Kxg7 30. Qd4+) 29. Rg8+ Kf7 30. R1g7+ Kf6 31. Ne8+ Ke6 32.
Nc7+ Kf6 33. Ne8+ $10) 26... Bxf3 27. Bxe5 (27. Qf4 Qxg2+ 28. Rxg2 Re1#) 27...
Bxe5 28. Qd5+ Kh8 $1 0-1

[Event "Aruba"]
[Site "Aruba"]
[Date "1992.??.??"]
[Round "8"]
[White "Gulko, Boris F"]
[Black "Polgar, Judit"]
[Result "0-1"]
[WhiteElo "2560"]
[BlackElo "2550"]
[Annotator "Polgar,J"]
[PlyCount "96"]
[EventDate "1992.03.??"]
[EventType "tourn"]
[EventRounds "9"]
[EventCountry "NAU"]
[EventCategory "11"]
[Source "ChessBase"]
[SourceDate "1992.10.01"]

1. d4 {Anand} Nf6 2. c4 g6 3. Nc3 Bg7 4. e4 d6 5. Be2 O-O 6. Bg5 Na6 7. Qd2 e5
8. d5 Nc5 9. f3 a5 10. O-O-O Bd7 11. Kb1 $6 (11. g4 $32 a4 (11... Na4 12. Nb5
c6 13. dxc6 (13. Nxd6 Qc7 14. dxc6 bxc6 $146) 13... bxc6 14. Nxd6 Qb6 $146) (
11... c6 {Anand} 12. h4) 12. Nh3 $14) 11... a4 12. g4 $6 (12. h4) 12... c6 (
12... a3 13. b4 Na4 14. Nb5) 13. dxc6 Bxc6 14. Qxd6 (14. Nd5 Ne6) (14. h4 {
Anand} Ne6 15. Nh3 $13) 14... Qxd6 15. Rxd6 Nfxe4 16. fxe4 Bxe4+ (16... Nxe4 $6
17. Rxc6 Nxc3+ 18. bxc3 bxc6 19. Nf3 c5 $13) 17. Nxe4 Nxe4 18. Be7 Rfe8 19. Rd7
Nf2 20. Bf3 e4 21. Bg2 $2 (21. Nh3 $1 Nxh1 22. Bxh1 e3 23. Nf4 $14) 21... Rac8
22. c5 (22. Ne2 {Anand} Nxh1 23. Bxh1 Rxc4 $17) 22... Bf8 $1 23. Bd6 (23. Bxf8
Kxf8 24. Ne2 Nxh1 25. Bxh1 Rxc5 $17) 23... Rcd8 $1 24. Rxd8 Rxd8 25. Nh3 (25.
Ne2 Nxh1 26. Bxh1 Bxd6 27. cxd6 f5 28. gxf5 gxf5 29. Ng3 Rxd6 $17) 25... Nxh1
26. Bxe4 (26. Bxh1 Bxd6 27. cxd6 f5) 26... Bxd6 27. cxd6 Rxd6 28. Kc2 Rd4 29.
Bxh1 Rxg4 30. Bxb7 Rc4+ 31. Kd3 (31. Kb1 Rh4 32. Bg2 g5 $19 (32... h6 {Anand  /
\ g5-g4})) 31... Rb4 32. Bd5 Rxb2 33. Ng5 Rxh2 34. Nxf7 Kg7 35. Ne5 h5 36. Nf3
Rb2 37. Ke3 Kf6 38. Kf4 Rg2 39. Ke3 g5 40. Nd2 Rg3+ 41. Bf3 Kf5 (41... g4 $4 {
Anand} 42. Ne4+ $18) 42. Ne4 Rg1 43. Kf2 Ra1 44. Ng3+ (44. Nc3 g4 45. Bd5 h4
46. Nxa4 Rc1 $19) 44... Ke5 45. Bxh5 Rxa2+ 46. Kf3 a3 47. Bf7 Rb2 48. Kg4 Kf6 (
48... Kf6 {Anand} 49. Bg8 a2 50. Ne4+ Kg6 51. Bxa2 Rxa2 52. Nxg5 Ra4+ $19) 0-1

[Event "Madrid"]
[Site "Madrid"]
[Date "1992.??.??"]
[Round "2"]
[White "Polgar, Judit"]
[Black "Magem Badals, Jordi"]
[Result "1-0"]
[WhiteElo "2550"]
[BlackElo "2515"]
[Annotator "Blatny,P"]
[PlyCount "51"]
[EventDate "1992.05.??"]
[EventType "tourn"]
[EventRounds "9"]
[EventCountry "ESP"]
[EventCategory "13"]
[Source "ChessBase"]
[SourceDate "1992.10.01"]

1. e4 c6 2. d4 d5 3. exd5 cxd5 4. c4 Nf6 5. Nc3 e6 6. Nf3 Bb4 7. cxd5 Nxd5 8.
Qb3 Nc6 9. Bd3 Be7 10. O-O Ndb4 $6 {/\קd4} 11. Be4 Nxd4 12. Nxd4 Qxd4 13. Rd1
{|^} Qe5 14. Qa4+ $146 Kf8 15. Be3 {עf8} f5 {/\Kf7,Rd8} (15... f6 16. f4 $40)
16. Bf3 Rg8 {/\g5-g4} (16... Kf7 $2 17. Bh5+ g6 (17... Kg8 18. Qe8+ Bf8 19.
Bf7#) 18. Bd4 $18) 17. a3 Na6 (17... Nc6 18. Bf4 Qc5 19. Nb5 a6 (19... Kf7 20.
Rac1 Qb6 21. Bc7 Qa6 22. Qxa6 bxa6 23. Bxc6 $18) 20. Nc7 b5 21. Qb3 Ra7 (21...
Nd4 22. Rxd4 Qxd4 23. Be3 $18) 22. Rac1 Nd4 23. Rxd4 Qxd4 24. Nxe6+ Bxe6 25.
Qxe6 Rd7 26. Rc8+ Rd8 27. Rxd8+ Qxd8 28. Bd5 $18) 18. Rac1 Kf7 19. Nb5 Rf8 20.
Bd4 Qf4 21. Qb3 Rd8 22. g3 Qb8 23. Qe3 Bf6 24. Bxf6 Rxd1+ 25. Rxd1 Kxf6 26. Rd8
(26. Rd8 Qe5 (26... Ke7 27. Qg5+ $18) (26... h6 27. Nd6 $18 Qc7 28. Ne8+) 27.
Rf8+ $18) 1-0

[Event "Madrid"]
[Site "Madrid"]
[Date "1992.??.??"]
[Round "5"]
[White "Epishin, Vladimir"]
[Black "Polgar, Judit"]
[Result "1/2-1/2"]
[WhiteElo "2620"]
[BlackElo "2550"]
[Annotator "Wahls"]
[PlyCount "200"]
[EventDate "1992.05.??"]
[EventType "tourn"]
[EventRounds "9"]
[EventCountry "ESP"]
[EventCategory "13"]
[Source "ChessBase"]
[SourceDate "1992.10.01"]

1. d4 Nf6 2. c4 g6 3. Nc3 Bg7 4. e4 d6 5. Nf3 O-O 6. Be2 e5 7. O-O Na6 {Die
vor ein paar Jahren in Mode gekommene Nebenvariante 7..Sa6 hat sich in der
Praxis gut behaupten können.} 8. Re1 c6 9. Bf1 (9. dxe5) (9. Rb1) (9. h3) (9.
d5 Nc5 $5 (9... c5 10. Bg5 h6 11. Bh4 Qd7 12. Nd2 Nh7 13. Bg3 h5 14. h3 Qe7 15.
a3 h4 16. Bh2 f5 17. exf5 gxf5 18. f4 e4 19. Kh1 Kh8 20. Nf1 Rg8 $13 {Gurevich,
M-Glek,Belgrad 1988}) 10. Qc2 a5 11. Bg5 Bd7 12. Nd2 Qb8 {Idee Tc8,cd5,b5} (
12... h6 13. Be3 b6 $14 {Lerner-Kochyev,St.Petersburg 1992})) 9... Nh5 $5 (9...
Bg4 10. Be3 Nd7 11. d5 c5 12. Be2 Bxf3 13. Bxf3 f5 14. a3 Nf6 15. g3 Ne8 16.
Rb1 Bf6 17. Bg2 Bg5 18. Bxg5 Qxg5 19. exf5 gxf5 20. f4 exf4 21. Qd2 $14 {
Vera-Halifman,Leningrad 1989}) (9... Ng4 10. Bg5 f6 11. Bh4 h5 12. h3 Nh6 13.
c5 $1 exd4 14. Bxa6 bxa6 15. Qxd4 g5 16. Bg3 dxc5 17. Qxc5 $16 {
Sergeev-Nikitin,SSSR 1989}) (9... exd4 10. Nxd4 Ng4 11. h3 Qb6 12. hxg4 Qxd4
13. Qe2 Qe5 14. Be3 Nc5 15. f3 Qe7 16. Qd2 $14 {Schmidt,W-Cramling,P,Novi Sad
1990}) 10. d5 c5 11. Bg5 Bf6 12. Bd2 Bg4 13. Nb5 (13. a3 Bxf3 14. Qxf3 Bg5 $10)
13... Nb4 14. Na3 {Es drohte 14..Lf3} Nf4 (14... Bxf3 15. Qxf3 Bg5 16. Bc3 f5
17. exf5 {..und Schwarz kann nicht mit dem g-Bauern wiedernehmen.}) 15. h3 Bxf3
(15... Bd7 16. Kh2 $22 {g3}) 16. Qxf3 Bg5 17. Bc3 f5 18. g3 Nh5 19. h4 Bh6 20.
Bh3 (20. exf5 Ng7) 20... Ng7 21. exf5 Nxf5 22. Qe4 Qf6 23. Rf1 Nd4 {Mit
bequemerer schwarzer Stellung} 24. Nb5 Nbc2 25. Bxd4 Nxd4 26. Be6+ Kh8 27. Nxd6
Rad8 28. Nxb7 Nxe6 29. Nxd8 Nxd8 30. b4 Nb7 31. a3 Nd6 32. Qe2 Rc8 33. Rab1
cxb4 34. Rxb4 Nf5 35. Kg2 Bf8 36. Rb7 Bc5 37. h5 Nd6 38. Rb3 g5 39. Qg4 e4 40.
Qe6 Qxe6 41. dxe6 Kg7 42. Rfb1 Kf6 43. Rb8 Rc7 44. Rg8 Bxa3 45. Rbb8 Nf5 46.
Rgc8 Rxc8 47. Rxc8 Ne7 48. Rc7 a5 49. Ra7 Bb4 50. h6 Kxe6 51. c5 g4 52. Kf1
Bxc5 53. Rxa5 Kd5 54. Ra8 Ng6 55. Ke2 Nf8 56. Rd8+ Ke5 57. Re8+ Kf5 58. Rd8 Ne6
59. Rg8 Ng5 60. Rg7 Bf8 61. Ke3 Bc5+ 62. Ke2 Bf8 63. Ke3 Kf6 64. Rc7 Kg6 65.
Rc6+ Kh5 66. Rf6 Bxh6 67. Kf4 Bg7 68. Rf5 h6 69. Rd5 Bc3 70. Ke3 Kg6 71. Rd6+
Bf6 72. Kf4 h5 73. Ra6 Nh3+ 74. Ke3 Kf5 75. Ra5+ Be5 76. Rb5 Ng5 77. Rb4 Ke6
78. Rb6+ Bd6 79. Rb5 Ba3 80. Kd4 Be7 81. Ke3 Kf6 82. Rb6+ Kf5 83. Rh6 Bc5+ 84.
Ke2 Ba7 85. Rxh5 Bd4 86. Kf1 Kf6 87. Rh6+ Kf7 88. Rd6 Nf3 89. Ke2 Bc5 90. Rd5
Bb6 91. Rf5+ Ke6 92. Rf4 Kd5 93. Rxg4 Ng1+ 94. Kf1 Nh3 95. Rg6 Bd4 96. Rg8 Kc4
97. Rc8+ Kd3 98. Rd8 Ng5 99. Kg2 Nf3 100. Kf1 Ne5 1/2-1/2

[Event "New York Reshevsky"]
[Site "New York"]
[Date "1992.??.??"]
[Round "9"]
[White "Moskow, Eric"]
[Black "Polgar, Judit"]
[Result "0-1"]
[WhiteElo "2240"]
[BlackElo "2575"]
[Annotator "Ribli"]
[PlyCount "110"]
[EventDate "1992.07.??"]
[EventType "tourn"]
[EventRounds "9"]
[EventCountry "USA"]
[EventCategory "12"]
[Source "ChessBase"]
[SourceDate "1992.12.01"]

1. c4 g6 2. Nf3 Bg7 3. g3 d6 4. Bg2 e5 5. d3 f5 6. Nc3 Nc6 7. O-O Nf6 8. Rb1 (
8. Bg5 h6 9. Bxf6 Qxf6 10. Nd2 O-O 11. e3 Qd8 12. f4 Nb4 13. Nf3 c6 14. d4 e4
15. Ne1 Be6 16. a3 Na6 17. Qa4 c5 $13 {Barle,J-Vasiukov,E  Voskresenk 1990 
CBM/19}) (8. Nd5 Ne7 9. e4 O-O 10. Re1 $13 {Miralles,G-Tal,M  Cannes 1989  CBM/
11}) 8... O-O 9. b4 a6 (9... h6 10. b5 Ne7 11. a4 Be6 $5 (11... g5 12. a5 Be6
13. Nd2 Rb8 14. Ba3 b6 $1 15. Bb4 g4 16. Ra1 h5 $36 {Plachetka,J-Sokolov,I 
Stary Smokovec 1991  CBM/26  53/30}) 12. Ba3 Rc8 13. Nd2 b6 14. e3 g5 $13 {
Psakhis,L-Kasparov,G  Murci-m 1990  CBM/20  50/25}) 10. a4 h6 11. b5 $6 (11.
Nd2 $5 g5 12. b5 axb5 13. axb5 Ne7 14. Bb2 $13) (11. Nd5 $5) 11... axb5 12.
axb5 Ne7 13. Qb3 (13. c5 Be6 $1 14. Bd2 b6 15. cxb6 cxb6 $10) 13... g5 14. Ba3
Be6 15. Nd2 (15. Ne1 Rb8 16. Nc2 b6 17. Nb4 Rc8 18. Ra1 f4 $13 {Seirawan,
Y-Kamsky,G  Tilburg 1990  CBM/20  50/24}) 15... Rb8 16. Nd5 Nexd5 17. cxd5 Bf7
18. Rfc1 b6 19. Qc4 Rb7 20. Rc2 Ra7 21. Bb4 (21. Bb2 $5 Qa8 (21... Kh8 22. Ra1
$13) 22. e4 $10) 21... Kh8 22. e4 f4 23. Bc3 g4 24. Ra1 Rxa1+ 25. Bxa1 Ne8 26.
Nb3 Bg6 27. Nc1 h5 $36 28. Bc3 h4 29. gxf4 Rxf4 $15 30. Bd2 Rf7 31. Be3 Kh7 32.
Ra2 Qf6 33. Qc2 Bh6 $1 34. Bxh6 Kxh6 35. Qd2+ Kh7 36. Ra8 Ng7 37. Qe3 Nh5 38.
Ne2 Nf4 39. Nxf4 exf4 40. Qc1 h3 41. Bf1 g3 $1 42. Ra2 Qh4 43. Qe1 gxf2+ 44.
Qxf2 Qg4+ 45. Kh1 Bh5 46. Be2 Qg2+ $1 47. Qxg2 hxg2+ 48. Kg1 f3 49. Bd1 f2+ 50.
Rxf2 Rxf2 51. Bxh5 Rd2 52. Bf3 Kh6 53. Bxg2 Rxd3 54. Kf2 Kg5 55. Ke2 Rb3 0-1

[Event "Women-Veterans"]
[Site "Aruba"]
[Date "1992.??.??"]
[Round "4"]
[White "Geller, Efim P"]
[Black "Polgar, Judit"]
[Result "0-1"]
[WhiteElo "2525"]
[BlackElo "2575"]
[Annotator "Boensch,U"]
[PlyCount "64"]
[EventDate "1992.08.??"]
[EventType "schev"]
[EventRounds "6"]
[EventCountry "NAU"]
[Source "ChessBase"]
[SourceDate "1993.04.01"]

1. e4 c5 2. Nf3 d6 3. d4 cxd4 4. Nxd4 Nf6 5. Nc3 a6 6. Be2 e6 7. O-O Be7 8. f4
O-O 9. Qe1 Qc7 10. Qg3 Nc6 11. Be3 Nxd4 (11... Bd7 $5) 12. Bxd4 b5 13. e5 (13.
Rf2 $5 Bb7 14. a3 g6 15. f5 e5 16. Be3 d5 17. exd5 Nxd5 18. Nxd5 Bxd5 19. f6
Bd6 20. Rd1 $16 {Topalov,V-Rajkovic,D Altensteig (7) 1990 1-0 41}) 13... dxe5
14. fxe5 (14. Bxe5 $14) 14... Bc5 (14... Nd7 15. Ne4 Bb7 16. Nd6 Bd5 17. Bd3 f6
18. Qh4 h6 19. Qg3 Rad8 $10 {Geller,E-Novikov,J Helsinki op (03) 1992 1/2 79
-CBM 32}) 15. Bxc5 (15. Rad1 Nd7 16. Ne4 Bxd4+ 17. Rxd4 Qxe5 18. Qf2 f5 19. Nd6
Nf6 20. Bf3 $44 {McDonald,N-Rossiter,PJ BCF-ch 1991 1-0 39}) 15... Qxc5+ 16.
Kh1 Nd7 17. Rae1 Qxe5 18. Qh4 Qc7 19. Bd3 g6 20. Re3 (20. Ne4 $5) 20... Qd8 21.
Qh6 f5 22. Bxf5 $2 (22. Rxe6 Nf6 23. Ree1 Ra7 $10) 22... Nc5 $2 (22... gxf5 $2
23. Rg3+ Kf7 24. Rg7+ Ke8 25. Qxe6+ $18) (22... Rxf5 $1 23. Rxf5 exf5 24. Nd5
Ne5 $6 (24... Qf8 $1 25. Ne7+ Kf7 26. Qxh7+ Qg7 27. Qxg7+ Kxg7 28. Nxc8 Rxc8
29. Re7+ Kh6 $1 30. Rxd7 Rxc2 31. h3 Rxb2 32. a3 (32. a4 bxa4 33. Rd6 a3 34.
Rxa6 a2 35. Kh2 f4 $19) 32... a5 {/\ a4 -+}) 25. Rxe5 Be6 $1 $13) (22... exf5
$1 23. Rfe1 (23. Nd5 Re8 24. Rfe1 (24. Rxe8+ Qxe8 25. Nc7 Qe2 $19) 24... Rxe3
25. Qxe3 (25. Rxe3 Qf8 $19) 25... Nf6 $19) 23... Qf6 $1 (23... Nf6 $2 24. Re7
Rf7 25. Nd5 $18) 24. Re7 Rf7 25. Nd5 Qg7 $19) 23. Bd3 Rxf1+ (23... Bb7 24.
Rxf8+ Qxf8 25. Qxf8+ Rxf8 26. Kg1 $10) 24. Bxf1 Bb7 25. Rh3 $6 (25. Re1 $10)
25... Qc7 $17 26. Qe3 Rf8 27. Kg1 e5 28. Nd1 Ne6 29. c3 Nf4 30. Rg3 Qf7 31. Nf2
e4 $19 32. Be2 Qxa2 $138 {Boensch} 0-1

[Event "Women-Veterans"]
[Site "Aruba"]
[Date "1992.??.??"]
[Round "5"]
[White "Polgar, Judit"]
[Black "Smyslov, Vassily"]
[Result "1/2-1/2"]
[WhiteElo "2575"]
[BlackElo "2530"]
[Annotator "Blatny,P"]
[PlyCount "41"]
[EventDate "1992.08.??"]
[EventType "schev"]
[EventRounds "6"]
[EventCountry "NAU"]
[Source "ChessBase"]
[SourceDate "1993.04.01"]

1. e4 c6 2. d4 d5 3. exd5 cxd5 4. c4 Nf6 (4... Nc6 5. cxd5 Qxd5 6. Nf3 Bg4 (
6... e5 7. Nc3 {--> B22, Alapin diskette}) 7. Nc3 Bxf3 8. gxf3 Qxd4 9. Qxd4
Nxd4 10. Nb5 $36) 5. Nc3 e6 6. Nf3 (6. c5 $5 Be7 7. Nf3 O-O 8. Bd3 b6 9. b4 Bb7
$5 $146 10. Bf4 a5 11. Nb5 Na6 12. Nd6 Bxd6 13. Bxd6 Nxb4 $1 $44 {Blatny,
P-Lobron Debrecen EU-chT 1992}) 6... Bb4 7. cxd5 Nxd5 8. Qb3 Nc6 9. Bd3 Qb6 (
9... O-O 10. O-O Be7 11. a3 Qb6 (11... Bf6) 12. Qc2 h6 13. Be3 Rd8 14. Rad1 Bf6
$13 {Polgar,J-Granda Zuniga, New York 1992}) 10. Bd2 (10. O-O Bxc3 11. bxc3
Qxb3 12. axb3 Nxc3 $17) 10... Ba5 (10... Nxd4 11. Nxd4 Qxd4 12. Bb5+ Kf8 13.
O-O-O $1 $40) 11. O-O (11. Nxd5 exd5 $10) 11... Qxb3 12. axb3 Bb6 13. Bc4 Nde7
$10 14. Na4 Bc7 (14... Bxd4 $2 15. Nxd4 Nxd4 16. Nb6 $18) 15. b4 a6 16. Nc3 (
16. Nc5 {/\b5} Rb8) 16... O-O (16... Nxb4 17. Nb5 Nbd5 18. Rfc1 Bb8 19. Bxd5
exd5 20. Nc7+ Bxc7 21. Rxc7 $36) 17. b5 Na5 18. Ba2 axb5 19. Nxb5 Bb6 20. Ne5
Nac6 21. Bc3 (21. Bc3 Nxe5 22. dxe5 Bd7 23. Nd6 Bc6 $10) 1/2-1/2

[Event "Women-Veterans"]
[Site "Aruba"]
[Date "1992.??.??"]
[Round "7"]
[White "Polgar, Judit"]
[Black "Panno, Oscar"]
[Result "1-0"]
[WhiteElo "2575"]
[BlackElo "2485"]
[Annotator "Blatny,P"]
[PlyCount "81"]
[EventDate "1992.08.??"]
[EventType "schev"]
[EventRounds "6"]
[EventCountry "NAU"]
[Source "ChessBase"]
[SourceDate "1993.04.01"]

1. e4 c6 2. Nc3 d5 3. Nf3 Bg4 4. h3 Bxf3 5. Qxf3 e6 6. d3 Nd7 7. g3 g6 (7...
Bb4 $142) 8. Bg2 Bg7 9. O-O Ne7 (9... Ngf6 $5) 10. Qe2 O-O 11. Bg5 Re8 (11...
h6 $2 12. Bxe7 Qxe7 13. exd5 Bxc3 14. bxc3 cxd5 15. Bxd5 {+/-/+- _|_}) 12. Rae1
Nf6 (12... d4 13. Nd1 Qa5 14. Qd2 Qxa2 (14... Qxd2 $14) 15. Qb4 $16) 13. h4 Qb6
14. Nd1 Qa6 15. Qf3 (15. a3 dxe4 16. dxe4 Qxe2 17. Rxe2 Rad8 $14) 15... Nd7 (
15... dxe4 16. dxe4 Nd7 17. a3 Ne5 18. Qb3 Nc4 $13) 16. a3 Ne5 17. Qe2 dxe4 18.
Bxe4 (18. Qxe4 Nf5 $13) 18... Nd5 19. c4 Nf6 (19... Ne7 $142) 20. Bg2 Ned7 21.
d4 Nb6 22. Ne3 Nfd7 23. Rd1 h6 (23... f6 24. Bf4 e5 25. dxe5 fxe5 26. Bg5 h6
27. Rd6 $40) (23... e5 $5 24. d5 f6 25. dxc6 bxc6 26. Bxc6 $13) 24. Bf4 e5 25.
dxe5 Nxe5 26. h5 g5 $2 (26... Nexc4 $142 27. hxg6 fxg6 (27... Nxe3 $2 28. gxf7+
Kxf7 29. Qh5+ Kg8 30. Bxe3 $16) 28. Qg4 (28. b3 $5 Nxe3 (28... Nxa3 29. Qg4 $40
) 29. Qxa6 bxa6 30. Bxe3 $14 {_|_}) 28... Nxe3 29. Bxe3 $40) 27. Bxe5 Rxe5 28.
Qf3 {><f5} Rae8 29. Rc1 Nd7 30. Nf5 R5e6 31. b4 {ףa6} Nf6 32. Bh3 Bf8 (32...
Re4 33. Nxh6+ $1 Kf8 34. Ng4 Nxg4 35. Bxg4 Rxc4 36. Rce1 Rxe1 37. Rxe1 {/\Be6;
Qf5+-}) 33. c5 Qe2 34. Qxe2 Rxe2 35. Rfd1 Nd5 (35... Ra2 $142 36. Rd3 $16 Ree2
$6 37. Rd8 Rxf2 38. Nxh6+ Kg7 39. Nf5+ Kg8 40. h6 $1 g4 41. Rf1 $8 Rh2 (41...
Rxf1+ 42. Bxf1 {/\Ne7+ +-} Nd5 43. Rxf8+ Kxf8 44. h7 $18) 42. Ne7+ Kh7 43. Rxf8
gxh3 44. Rxf7+ Kxh6 (44... Kh8 45. Ng6+ Kg8 46. Rg7#) 45. R1xf6+ Kh5 46. Rh7+
Kg4 47. Rg7+ Kh5 48. Rf5+ Kh6 49. Rg6+ Kh7 50. Rh5#) (35... Nxh5 $6 36. Rd7 (
36. Bg4 R2e5 $14) 36... Rb8 37. Bg4 (37. Nd6 $5 Bxd6 $140 38. cxd6 Nf6 39. Rc7
Nd5 40. b5 $1 Ree8 $8 41. bxc6 bxc6 $8 42. Rxa7 $18 {_|_}) 37... Re5 (37... Nf6
38. Rxb7 Rxb7 39. Bxe2 $18 {ץf8,c6; 3P:2P<< _|_}) 38. Bxh5 Rxf5 39. Rcd1 $16 {
/\Rc7,Rdd7}) 36. b5 $1 Ra2 37. Nd6 Re5 (37... Ree2 $142 38. Nxb7 Rxf2 39. bxc6
Nc7 40. Rd7 Rh2 41. Bf1 $18) 38. Nxb7 cxb5 39. Rxd5 $1 Rxd5 40. c6 $18 Rad2 41.
Bg4 $1 {/\c7-c8Q} 1-0